000 00752cab a2200277 4500
001 ABS49575
008 090401t1993 xxu||||| |||| 00| 0 eng d
035 _a(Sirsi) u71842
041 _aeng
100 _ade Selincourt, K.
245 _aEurope`s home-grown fuel
260 _c1993
350 _a0
490 _aNew Scientist
_v140(1895) 16 October 1993, 22-24(3)
520 _aDiscusses the reluctance of British farmers to grow non-food crops in empty fields unless subsidies for set-aside are raised.
650 _aBIOFUELS
650 _aBIOMASS
650 _aCOPPICING
650 _aFLAX
650 _aFUEL CROPS
650 _aLINSEED
650 _aSET-ASIDE
690 _aRURAL PRACTICE
942 _n0
948 _c04/03/1997
999 _c45319
_d45319